000 00489nam a2200181Ia 4500
005 20250508154745.0
008 008 250505s9999 xx 000 0 eng d
037 _aTextual
040 _aFEDL
_beng
_cFEDL
041 _aeng
_2eng
084 _a370.9, VAI
_qFEDL
100 _aVaizey John
245 0 _aEducation in the modern world
260 _aLondon, UK
_bWeidenfeld and Nicolson
_c1967
300 _a254p.
942 _cTEXL
_h370.9, VAI
999 _c1351985
_d1351985